| 000 | 00648nam a2200217Ia 4500 | ||
|---|---|---|---|
| 008 | 140321s9999 xx 000 0 und d | ||
| 020 | _a9780470891520 | ||
| 050 |
_aTK 5105.888 _b.Y67 2011 |
||
| 100 | _aPouncey, Ian | ||
| 245 |
_aBeginning CSS : _bcascading style sheets for web design / _cIan Puncey and Richard York. |
||
| 250 | _a3rd ed. | ||
| 260 |
_aIndiana : _bWiley Pub., _cc2011. |
||
| 300 |
_a432 p. : _bill. (some col.) ; _c24 cm. |
||
| 440 | _a( Wrox beginning guides). | ||
| 500 | _aIncludes index. | ||
| 521 | _aIT | ||
| 650 | _aCascading style sheets. | ||
| 650 |
_aWeb sites _xDesign. |
||
| 942 |
_kFOR _cBK |
||
| 999 |
_c48685 _d48685 |
||